Indiana High School Football: Top 25 Most Passing Yards - Statistics

General Stats
  • This quiz has been taken 3 times
  • The average score is 2 of 25
Answer Stats
# Player Yards High School & Last Year Current Team (Position) % Correct
2 Brady Allen 11,918 Gibson Southern - 2021 Purdue Boilermakers (QB)
100%
13 Clark Barrett 9,099 Lafayette Central Catholic - 2021 Marian Knights
33%
21 Kyle Adams 8,554 West Lafayette - 2019 Purdue Boilermakers (QB)
33%
20 Nick Sellers 8,567 Gibson Southern - 2015 Retired
33%
17 Adam Schiff 8,743 Mater Dei - 1998 Retired
0%
11 Austin Karazsia 9,321 Linton-Stockton - 2012 Retired in 2017 - Basketball
0%
22 Bob Cira 8,464 Concord - 2006 Retired
0%
8 Carson Blair 9,843 Southwood - 2017 Retired in 2017
0%
16 Casey Gillin 8,806 Indian Creek - 2002 Indian Creek High School Braves - (Head Coach)
0%
23 Chase Andries 8,427 Beech Grove - 2016 Retired in 2020
0%
9 Chris Mills 9,501 Lafayette Central Catholic - 2009 Retired in 2013
0%
6 Clayton Richard 10,777 McCutcheon - 2002 Retired in 2019 - Baseball
0%
24 Dustin Slaton 8,322 Mater Dei - 2004 Retired
0%
4 Earl Haniford 11,110 Martinsville - 1995 Retired
0%
12 Garrett Yoon 9,115 Lawrenceburg - 2021 Saint Francis Cougars
0%
19 Gehrig Slunaker 8,613 Mt. Vernon - 2021 Georgetown Tigers
0%
18 Grant Gibbins 8,715 Reitz Memorial - 2009 Retired
0%
3 Jake Purichia 11,146 Cardinal Ritter - 2013 Retired in 2018
0%
1 Jake Schiff 12,195 Mater Dei - 2001 Retired
0%
10 James Arnold 9,329 South Adams - 2020 Marian Knights
0%
15 Luke Johnston 8,958 Southport - 2015 Retired in 2019
0%
5 Michael Lindauer 10,805 Reitz Memorial - 2018 Southern Illinois Salukis
0%
7 Mike Vlahogeorge 10,757 Jefferson - 2003 Retired
0%
14 Mikey Kidwell 9,023 West Lafayette - 2016 Retired
0%
25 Ross Hendrickson 8,296 Cardinal Ritter - 2009 Retired in 2014 - Baseball
0%
No matching quizzes found
Score Distribution
Percent of People with Each Score
Percentile by Number Answered
Your Score History
You have not taken this quiz